ბათუმის შოთა რუსთაველის სახელმწიფო უნივერსიტეტის ბიბლიოთეკა

ბოსტნეული და ხეხილოვანი კულტურების სელექცია-მეთესლეობის და ჯიშთმცოდნეობის პრაქტიკუმი (ბიბ.ჩანაწერი № 34613)

000 -ლიდერი
ფიქსირებული სიგრძის საკონტროლო ველი 01852nam a2200277Ia 4500
001 - საკონტროლო ნომერი
საკონტროლო ველი 375
003 - საკონტროლო ნომრის იდენტიფიკატორი
საკონტროლო ველი GE_BSU
005 - ბოლო ოპერაციის თარიღი და დრო
საკონტროლო ველი 20200131122527.0
008 - ფიქსირებული სიგრძის მონაცემთა ელემენტები - ზოგადი ინფორმაცია
ფიქსირებული სიგრძის საკონტროლო ველი 181216s2008||||ge |||||||||||||| ||geo||
020 ## - წიგნის საერთაშორისო სტანდარტული ნომერი
International Standard Book Number 97899410074422
040 ## - კატალოგიზაციის წყარო
Transcribing agency GE_BSU
041 ## - ენის კოდი
Language code of text/sound track or separate title geo
080 ## - უნივერსალური ათობითი კლასიფიკაციის ინდექსი
Universal Decimal Classification number 634:631.52/53+635:631.52/53+631.576.3 კ-24
100 ## - მთავარი ჩანაწერი - პიროვნების სახელი
Personal name კაპატაძე, გიორგი
9 (RLIN) 6612
245 ## - ცნობა სათაურის შესახებ
Title ბოსტნეული და ხეხილოვანი კულტურების სელექცია-მეთესლეობის და ჯიშთმცოდნეობის პრაქტიკუმი
Remainder of title [სახელმძღვ. სტუდ.] /
Statement of responsibility, etc გიორგი კაპატაძე, ცოტნე სამადაშვილი, ხათუნა დობორჯგინიძე ; [რედ. ნ. კერესელიძე].
264 ## - წარმოების, გამოცემის, დისტრიბუციის და სხვა ცნობები
გამოცემის, წარმოების, დისტრიბუციის... ადგილი თბილისი :
გამოცემის, წარმოების, დისტრიბუციის... სახელწოდება შპს "პოლიგრაფისტი",
გამოცემის, წარმოების, დისტრიბუციის... თარიღი 2008.
300 ## - ფიზიკური აღწერა
Extent 138 გვ.:
Other physical details ცხ., სურ. ;
Dimensions 19 სმ.
504 ## - BIBLIOGRAPHY, ETC. NOTE
Bibliography, etc ბიბლიოგრ.: გვ. 135.
653 ## - INDEX TERM--UNCONTROLLED
Uncontrolled term ბოსტნეული კულტურების სელექცია-მეთესლეობა
653 ## - INDEX TERM--UNCONTROLLED
Uncontrolled term ხეხილოვანი კულტურების სელექცია-მეთესლეობა
700 ## - ADDED ENTRY--PERSONAL NAME
Personal name სამადაშვილი, ცოტნე
9 (RLIN) 6613
700 ## - ADDED ENTRY--PERSONAL NAME
Personal name დობორჯგინიძე, ხათუნა
Relator term ავტორი
9 (RLIN) 6614
700 ## - ADDED ENTRY--PERSONAL NAME
Personal name კერესელიძე, ნ.
Relator term რდაქტორი
9 (RLIN) 6615
856 ## - ELECTRONIC LOCATION AND ACCESS
Uniform Resource Identifier http://dspace.nplg.gov.ge/bitstream/1234/6494/1/Bostneuli_%20Da_%20Xexilovani_%20Kulturebis%20_Seleqcia-Metesleobis%20da%20Jistmcidneobis%20paraqtikumi.pdf
Link text ელ. ვერსია. pdf
942 ## - ADDED ENTRY ELEMENTS (KOHA)
Koha item type წიგნი
Source of classification or shelving scheme
ეგზემპლარები
ჩამოწერის სტატუსი დაკარგული ეგზემპლარის სტატუსი კლასიფიკაციის წყარო ან თაროზე გაწყობის სქემა დაზიანების სტატუსი არ გაიცემა მუდმივი მდებარეობა (დაცვის ადგილი) ამჟამინდელი ადგილსამყოფელი თაროზე განთავსების ადგილი შეძენის თარიღი ღირებულება, შესყიდვის ნორმალური ფასი სრული შენახვის შიფრი შტრიხკოდი ბოლო ოპერაციის თარიღი ეგზემპლარის მიმდევრობითი ნომერი (კეტერი?) ფასის ძალაში შესვლის თარიღი ეგზემპლარის სახეობა საჯარო შენიშვნა
          ბათუმის შოთა რუსთაველის სახელმწიფო უნივერსიტეტის მთავარი ბიბლიოთეკა ბათუმის შოთა რუსთაველის სახელმწიფო უნივერსიტეტის მთავარი ბიბლიოთეკა წიგნსაცავი 2018-12-17 20.00 634:631.52/53+635:631.52/53+631.576.3 კ-24 510 2018-12-17 510 2018-12-17 წიგნი 20 ლ.
          ბათუმის შოთა რუსთაველის სახელმწიფო უნივერსიტეტის მთავარი ბიბლიოთეკა ბათუმის შოთა რუსთაველის სახელმწიფო უნივერსიტეტის მთავარი ბიბლიოთეკა წიგნსაცავი 2018-12-17 20.00 634:631.52/53+635:631.52/53+631.576.3 კ-24 511 2018-12-17 511 2018-12-17 წიგნი 20 ლ.